[Event "IV Copa Marcel Duchamp 2020"]
[Site "Montevideo"]
[Date "2020.02.09"]
[Round "2.12"]
[White "Liascovich, Lucas"]
[Black "Escofet, Jaime"]
[Result "1-0"]
[WhiteElo "2425"]
[BlackElo "2025"]
[Annotator "TA"]
[PlyCount "51"]
[EventDate "2020.02.08"]
[EventType "swiss"]
[EventCountry "URU"]
[SourceTitle "playchess.com"]
[Source "ChessBase"]
[SourceQuality "1"]

{[%evp 16,51,18,17,40,35,69,75,79,74,77,28,40,40,65,57,64,40,61,52,60,69,63,77,74,69,71,75,76,62,133,138,143,137,546,573,572,562]} 1. d4 e6 2. Nf3 f5 3. g3 Nf6 4. Bg2 d5 5. O-O Bd6 6. c4 c6 7. b3 Qe7 8. Bb2 O-O 9. Ne5 Bd7 {A90: Dutch Defence: Miscellaneous and Modern Stonewall (with ...Bd6).} 10. Nd2 Ne4 11. Nxe4 fxe4 {White is better.} 12. f3 exf3 13. Bxf3 Be8 14. e4 {[%cal Re4d5] [#]} dxe4 $146 ({Predecessor:} 14... Bxe5 15. dxe5 dxc4 16. bxc4 Qc5+ 17. Qd4 Qxd4+ 18. Bxd4 Na6 19. Bg4 Bd7 20. Bc3 Rxf1+ 21. Rxf1 {1-0 (28) Shevchenko,A (2144)-Kovalenko,S (2305) Voronezh 2008}) 15. Bxe4 Rxf1+ 16. Qxf1 Nd7 17. Qh3 Nf8 18. Nf3 Bg6 19. Bxg6 Nxg6 20. Re1 {[%cal Ba1e1,Be1e2,Be2f2][%mdl 32]} Re8 21. Qh5 Nf8 22. Ng5 $36 {[%mdl 2048] Black must now prevent Rxe6! White is pushing.} g6 (22... h6 $1 $14 23. Ne4 Rd8) 23. Qh6 $16 Bb4 {[#]} 24. Re2 $1 {aiming for a3!} Ba3 $2 {[%mdl 8192]} (24... e5 $16 {is a better chance.} 25. a3 (25. Rxe5 Qd8 $16) (25. dxe5 Qd7 $16) 25... Bxa3) 25. Bxa3 $18 Qxa3 26. Rf2 {[%mdl 64] Remove Defender. Accuracy: White = 94%, Black = 57%.} 1-0

[Event "IV Copa Marcel Duchamp 2020"]
[Site "Montevideo"]
[Date "2020.02.09"]
[Round "2.13"]
[White "Brizzi, Milagros Tatiana"]
[Black "Acosta, Pablo Ismael"]
[Result "0-1"]
[WhiteElo "2022"]
[BlackElo "2416"]
[Annotator "RC"]
[PlyCount "96"]
[EventDate "2020.02.08"]
[EventType "swiss"]
[EventCountry "URU"]
[SourceTitle "playchess.com"]
[Source "ChessBase"]
[SourceQuality "1"]
[TimeControl "5400+30"]

1. e4 {[%emt 0:00:56]} e6 {[%emt 0:00:00]} 2. d3 {[%emt 0:00:16]} c5 {[%emt 0:00:59]} 3. Nf3 {[%emt 0:00:31]} Nc6 {[%emt 0:00:10]} 4. g3 {[%emt 0:00:18]} g6 {[%emt 0:00:08]} 5. Bg2 {[%emt 0:00:31]} Bg7 {[%emt 0:00:07]} 6. O-O {[%emt 0:00:46]} Nge7 {[%emt 0:00:39]} 7. c3 {[%emt 0:05:37]} d6 {[%emt 0:01:15]} 8. Nbd2 {[%emt 0:02:47]} O-O {[%emt 0:00:33]} 9. Re1 {[%emt 0:03:04]} h6 {[%emt 0:05:17]} 10. Nb3 {[%emt 0:08:48]} e5 {[%emt 0:05:00]} 11. d4 {[%emt 0:08:49]} exd4 {[%emt 0:05:57]} 12. cxd4 {[%emt 0:00:34]} Bg4 {[%emt 0:06:58]} 13. Be3 {[%emt 0:09:05]} c4 {[%emt 0:06:20]} 14. Nbd2 {[%emt 0:09:47]} b5 {[%emt 0:01:03]} 15. h3 {[%emt 0:00:26]} Bxf3 {[%emt 0:04:29]} 16. Nxf3 {[%emt 0:00:21]} Kh7 {[%emt 0:04:52]} 17. Qd2 {[%emt 0:04:33]} Qa5 {[%emt 0:04:08]} 18. Qe2 {[%emt 0:09:19]} Rac8 {[%emt 0:05:36]} 19. a3 {[%emt 0:02:32]} Rfe8 {[%emt 0:05:02]} 20. Rad1 {[%emt 0:05:31]} Ng8 {[%emt 0:03:41]} 21. Qc2 {[%emt 0:13:24]} Nf6 {[%emt 0:01:43]} 22. d5 {[%emt 0:02:38]} Nb8 {[%emt 0:06:46]} 23. Bf4 {[%emt 0:02:09]} Rcd8 {[%emt 0:00:43]} 24. Nd4 {[%emt 0:03:04]} Nxd5 {[%emt 0:01:29]} 25. Bd2 {[%emt 0:05:42]} Qa4 {[%emt 0:01:57]} 26. Qxa4 {[%emt 0:00:33]} bxa4 {[%emt 0:00:07]} 27. Ba5 {[%emt 0:00:07]} Nb6 {[%emt 0:00:48]} 28. Bc3 {[%emt 0:00:54]} d5 {[%emt 0:04:45]} 29. exd5 {[%emt 0:00:42]} Rxe1+ {[%emt 0:00:52]} 30. Rxe1 {[%emt 0:00:06]} Nxd5 {[%emt 0:00:13]} 31. Bxd5 {[%emt 0:00:48]} Rxd5 {[%emt 0:00:04]} 32. Re8 {[%emt 0:00:28]} Nd7 {[%emt 0:04:54]} 33. Ne2 {[%emt 0:00:34]} Nb6 {[%emt 0:02:33]} 34. Re7 {[%emt 0:00:37]} Rd7 {[%emt 0:00:13]} 35. Rxd7 {[%emt 0:00:33]} Nxd7 {[%emt 0:00:05]} 36. Nd4 {[%emt 0:00:22]} Nc5 {[%emt 0:03:43]} 37. Kg2 {[%emt 0:00:39]} Ne4 {[%emt 0:00:32]} 38. Kf3 {[%emt 0:00:32]} Nxc3 {[%emt 0:02:35]} 39. bxc3 {[%emt 0:00:04]} Bf8 {[%emt 0:00:26]} 40. Nc2 f5 41. Ke2 {[%emt 0:01:30]} g5 {[%emt 0:00:41]} 42. f3 {[%emt 0:00:27]} Kg6 {[%emt 0:00:10]} 43. Kd2 {[%emt 0:00:31]} Bd6 {[%emt 0:00:44]} 44. g4 {[%emt 0:00:28]} Kf6 {[%emt 0:03:38]} 45. Ne3 {[%emt 0:00:25]} fxg4 46. Nxg4+ {[%emt 0:00:40]} Kg6 {[%emt 0:01:02]} 47. Ke3 {[%emt 0:00:27]} h5 {[%emt 0:00:00]} 48. Nh2 Bxh2 0-1

[Event "IV Copa Marcel Duchamp 2020"]
[Site "Montevideo"]
[Date "2020.02.09"]
[Round "2.14"]
[White "Menna Barreto, Felipe Kubiaki"]
[Black "Meskanen, Vesa"]
[Result "1-0"]
[WhiteElo "2395"]
[BlackElo "2019"]
[Annotator "TA"]
[PlyCount "49"]
[EventDate "2020.02.08"]
[EventType "swiss"]
[EventCountry "URU"]
[SourceTitle "playchess.com"]
[Source "ChessBase"]
[SourceQuality "1"]

{[%evp 20,49,54,52,57,35,56,33,20,33,95,82,88,6,9,0,2,17,161,158,144,151,113,114,92,103,75,108,137,112,949,910]} 1. c4 c5 2. Nf3 Nc6 3. d4 cxd4 4. Nxd4 g6 5. e4 Bg7 6. Be3 d6 7. Nc3 Nf6 8. Be2 Bd7 9. O-O O-O 10. h3 Rc8 11. Rc1 Nxd4 {B38: Sicilian: Maroczy Bind with 5...Bg7 and 7...0-0.} 12. Bxd4 Bc6 {[#]} 13. Qc2 $146 (13. Bxa7 b6 $17) ({Predecessor:} 13. Qd3 a6 14. f4 b5 15. cxb5 axb5 16. Nd5 Nxd5 17. exd5 Bxd4+ 18. Qxd4 Bd7 19. Rfe1 {0-1 (42) Foldesi,M (2040)-Nagy,A (2058) Slovakia 2017}) 13... a6 {White is slightly better.} 14. Qb1 b5 (14... Qd7 $14) 15. cxb5 $16 axb5 16. b4 ({But not} 16. Nxb5 $6 Bxe4 17. Rxc8 Qxc8 $11) (16. Bxb5 $16 Bh6 17. Rc2) 16... Qd7 $11 17. Rfd1 Bh6 18. Bxf6 Bxc1 (18... exf6 $11 19. Rc2 Bf4) 19. Bg4 $18 Qb7 20. Bxc8 Rxc8 21. Qxc1 {[#] And now Bg5 would win.} exf6 22. Qf4 f5 23. exf5 {Strongly threatening f6.} Bxg2 {[#]} 24. f6 $1 {White wants to mate with Qh6.} Bh1 $2 {[%mdl 8192]} ({Don't blunder} 24... Bxh3 $2 25. Nd5 $18) (24... Qf3 $16 25. Qxf3 Bxf3 26. Rxd6 h5) 25. Nd5 {Accuracy: White = 86%, Black = 54%.} 1-0

[Event "IV Copa Marcel Duchamp 2020"]
[Site "Montevideo"]
[Date "2020.02.09"]
[Round "2.15"]
[White "Gomez Troccoli, Martin"]
[Black "Mussanti, Diego"]
[Result "0-1"]
[WhiteElo "2004"]
[BlackElo "2330"]
[Annotator "TA"]
[PlyCount "84"]
[EventDate "2020.02.08"]
[EventType "swiss"]
[EventCountry "URU"]
[SourceTitle "playchess.com"]
[Source "ChessBase"]
[SourceQuality "1"]

{[%evp 13,84,-24,-24,-54,-56,-52,-56,-65,-81,-98,-70,-83,-68,-63,-22,-36,-30,-112,-104,-166,-61,-193,-151,-202,-216,-200,-212,-193,-202,-194,-193,-193,-194,-214,0,0,0,0,0,0,0,0,0,-562,-564,-485,-377,-395,-390,-381,-376,-380,-364,-368,-270,-340,-301,-362,-292,-518,-524,-509,-468,-526,-485,-632,-554,-12739,-12739,-29982,-29983,-6175,-6175]} 1. e4 c5 2. Nf3 e6 3. d4 cxd4 4. Nxd4 Nc6 5. c4 Nf6 6. Nc3 Bb4 7. f3 O-O 8. Be2 {B44: Sicilian: Taimanov: 5 Nb5.} d5 9. Nxc6 bxc6 {[#]} 10. e5 $146 {Black is slightly better.} ({Predecessor:} 10. cxd5 cxd5 11. O-O d4 12. Na4 e5 13. a3 Be7 14. b4 Bd7 15. Nb2 a5 16. Bd2 axb4 17. axb4 {0-1 (36) Sjogren,S (1822)-Kryvoruchko,Y (2666) Warsaw 2011}) 10... Nd7 11. f4 Qb6 12. a3 Bxc3+ 13. bxc3 f6 14. cxd5 cxd5 15. Qd4 (15. exf6 $11 {was the only way to keep the balance.} Nxf6 16. Qd3) 15... fxe5 $17 16. fxe5 (16. Qxb6 $17 {was worth a try.} axb6 17. fxe5) 16... Qc7 (16... Qc6 $19 17. c4 Ba6 18. cxd5 exd5 19. Bxa6 Qxa6 20. Qxd5+ Kh8) 17. Bf4 {[#]} (17. Rf1 $15) 17... Ba6 $1 $19 {[%mdl 512]} 18. Bxa6 (18. Ra2 $17 Bxe2 19. Rxe2) 18... Rxf4 $1 19. Qxf4 Qxc3+ {[%mdl 64] Double Attack} 20. Ke2 {[#]} Rf8 $1 {[%cal Rf8f4]} 21. Qc1 Qxe5+ 22. Kd1 Qd4+ 23. Ke1 {Black should prevent Rf1.} Qe5+ $2 (23... Qh4+ $19 24. Kd2 Qf4+ 25. Ke1 Qh4+ 26. Kd2 Qd4+ 27. Ke1 Qf2+ {[%mdl 64] Double Attack} 28. Kd1 Qxg2) 24. Be2 $11 {Rf1 is the strong threat.} Nc5 $1 {[%cal Rc5d3]} 25. Qxc5 Qxa1+ 26. Bd1 Qe5+ 27. Kd2 Qg5+ {[%mdl 64] Double Attack} 28. Kc3 $2 {[%mdl 8192]} (28. Kd3 $11) 28... Qc1+ $19 29. Bc2 Qxh1 30. Bxh7+ Kxh7 31. Qxf8 Qxh2 {[%mdl 4096] Endgame KQ-KQ} 32. Qf3 Qe5+ 33. Kb3 Qb8+ 34. Ka4 {intending Qh3+.} Qe8+ 35. Ka5 Qd7 36. Qg3 $2 (36. Kb4) 36... d4 {[%cal Bd5d4,Bd4d3][%mdl 32] Hoping for ...d3.} 37. Qh2+ Kg8 {Strongly threatening ...d3.} 38. Qb8+ Kf7 39. Qf4+ Ke8 {Threatens to win with ...d3.} 40. Qh2 d3 41. Qh8+ Kf7 42. Qh5+ Kg8 {Accuracy: White = 45%, Black = 70%.} 0-1

[Event "IV Copa Marcel Duchamp 2020"]
[Site "Montevideo"]
[Date "2020.02.09"]
[Round "2.16"]
[White "Gaye, Gustavo"]
[Black "De Dovitiis, Alejo"]
[Result "0-1"]
[WhiteElo "2001"]
[BlackElo "2314"]
[Annotator "TA"]
[PlyCount "48"]
[EventDate "2020.02.08"]
[EventType "swiss"]
[EventCountry "URU"]
[SourceTitle "playchess.com"]
[Source "ChessBase"]
[SourceQuality "1"]

{[%evp 9,48,0,41,-15,-19,-39,-39,-22,-23,-23,-35,-26,-27,-33,-11,-47,-60,-59,-19,-21,-27,-24,20,21,51,45,75,27,64,-33,-39,-54,-43,-94,-79,-140,-131,-802,-802,-794,-776]} 1. e4 g6 2. Nc3 Bg7 3. g3 c6 4. Bg2 Nf6 5. d3 d5 6. Nf3 {B06: Modern Defence.} ({Better is} 6. e5 $1 $14 Ng4 7. d4) 6... dxe4 $11 {[#]} 7. Nxe4 $146 ({Predecessor:} 7. dxe4 Qxd1+ 8. Kxd1 O-O 9. Ke1 e5 10. h3 Re8 11. Be3 Na6 12. a3 Bf8 13. Nd2 {0-1 (58) Porth,H (2130)-Becker,A (2125) Duesseldorf 2008}) 7... Nxe4 8. dxe4 {Black is slightly better.} Qxd1+ 9. Kxd1 Na6 {[%cal Bb8a6,Ba6c5,Bc5a4][%mdl 32]} 10. c3 Nc5 11. Ne1 f5 12. f3 fxe4 13. fxe4 Bg4+ 14. Kc2 O-O {Threatens to win with ...Rf2+.} 15. Be3 Na4 16. Rf1 b5 17. Nd3 Rfd8 18. Rf2 Rd7 19. Nc5 (19. h3 $14 Rad8 20. Nb4) 19... Nxc5 $15 20. Bxc5 Rad8 21. Be3 {[#]} (21. h3 $15 Bd1+ 22. Rxd1 Rxd1 23. Bxe7) 21... Bd1+ $1 $17 22. Kc1 (22. Rxd1 $142 Rxd1 23. Bxa7) 22... Ba4 {[%csl Ga4,Gd8][%cal Rd7d1]} 23. Rd2 $2 {[%mdl 8192]} (23. b3 $17 Rd1+ 24. Kb2) 23... Rxd2 $19 24. Bxd2 {[#]} Bh6 $1 {[%mdl 512] Accuracy: White = 42%, Black = 73%.} 0-1

[Event "IV Copa Marcel Duchamp 2020"]
[Site "Montevideo"]
[Date "2020.02.09"]
[Round "2.17"]
[White "Lopez Azambuja, Nicolas"]
[Black "Soto, Nicolas"]
[Result "1-0"]
[WhiteElo "2310"]
[BlackElo "2002"]
[Annotator "TA"]
[PlyCount "65"]
[EventDate "2020.02.08"]
[EventType "swiss"]
[EventCountry "URU"]
[SourceTitle "playchess.com"]
[Source "ChessBase"]
[SourceQuality "1"]

{[%evp 24,65,54,5,108,110,114,118,206,201,409,388,372,274,238,0,482,270,387,365,806,800,728,474,804,777,775,719,587,367,1173,1115,1118,1036,1838,1652,3488,5850,3559,3087,2311,1891,1735,1647]} 1. e4 e6 2. d4 d5 3. Nc3 Bb4 4. e5 c5 5. a3 Bxc3+ 6. bxc3 Qc7 7. Qg4 Ne7 8. Qxg7 Rg8 9. Qxh7 cxd4 10. Ne2 dxc3 11. f4 Nbc6 12. Qd3 Bd7 13. Rb1 Rc8 {C18: French: 3 Nc3 Bb4: Main line: 7 h4 and 7 Qg4.} (13... d4 $11 {keeps the balance.}) 14. h4 $16 ({Of course not} 14. Nxc3 $6 Nxe5 15. fxe5 Qxc3+ 16. Qxc3 Rxc3 $11) 14... Nf5 15. h5 {[#]} Na5 $146 (15... Kf8 $16 {was necessary.}) ({Predecessor:} 15... a6 16. h6 Rh8 17. h7 Na5 18. Nd4 Qc4 19. Nxf5 exf5 20. Rb6 Qxd3 21. Bxd3 Rc6 {1-0 (37) Baklan,V (2609)-Kononenko,T (2371) Cappelle-la-Grande 2002}) 16. h6 $18 Qd8 $2 {[#]} (16... Rh8 17. h7 b6) 17. g4 Nh4 18. Qh7 Kf8 19. Qd3 $2 (19. a4 $18 {Ba3+ is the strong threat.} Qe7 20. Nd4) 19... Ng6 $2 {[%mdl 8192]} (19... Ke8 $1 $11 {and Black has nothing to worry.} 20. Qh3 Ng6) 20. Nd4 (20. h7 $142 Rh8 21. Qh3 (21. Nxc3 Qc7 $18)) 20... Qc7 (20... Ke8 $142 21. h7 Rh8) 21. Qe3 Nc4 $2 {[#]} (21... Nc6 22. Nb5 Qb6 23. Qxb6 axb6) 22. Bxc4 dxc4 23. a4 b6 (23... Ke8 $142 24. Ba3 Qa5) 24. Ba3+ Ke8 25. Bd6 Qb7 26. Rh2 Ne7 $2 (26... Nf8 27. h7 Nxh7 28. Rxh7 Qg2) 27. h7 {White is clearly winning.} Rh8 28. f5 exf5 29. Bxe7 Kxe7 30. Qg5+ Kf8 31. Qh6+ Ke8 32. Qg7 Qe4+ 33. Ne2 {Accuracy: White = 66%, Black = 23%.} 1-0

[Event "IV Copa Marcel Duchamp 2020"]
[Site "Montevideo"]
[Date "2020.02.09"]
[Round "2.18"]
[White "Montanu, Dan-Vladimir"]
[Black "Contin, Daniel"]
[Result "0-1"]
[WhiteElo "1983"]
[BlackElo "2267"]
[Annotator "TA"]
[PlyCount "76"]
[EventDate "2020.02.08"]
[EventType "swiss"]
[EventCountry "URU"]
[SourceTitle "playchess.com"]
[Source "ChessBase"]
[SourceQuality "1"]

{[%evp 9,75,-20,12,1,18,9,8,-10,65,-47,-45,-37,-44,-39,-48,-39,-44,-45,-47,-47,-14,-30,-16,-75,-60,-81,-53,-123,-120,-96,0,0,17,-19,0,0,12,0,90,78,80,82,76,8,96,-9,-5,-27,-37,-103,-35,-88,-104,-183,-172,-204,-204,-174,-187,-29993,-12231,-1954,-1241,-29996,-29995,-29995,-29996,-29999]} 1. d4 Nf6 2. Nf3 b6 3. g3 Bb7 4. Bg2 c5 5. c3 g6 6. Qb3 {A47: 1 d4 Nf6 2 Nf3 b6: Torre, London and Colle Systems.} Qc8 7. dxc5 bxc5 {[#]} 8. Bg5 $146 {The position is equal.} ({Predecessor:} 8. O-O c4 9. Qa4 Qc6 10. Qxc6 Nxc6 11. Na3 d5 12. Rd1 e6 13. Nb5 O-O-O 14. Ng5 {1-0 (53) Barbascu,M (2096)-Ciobanu,C (2234) Buzias 2002}) 8... Bg7 (8... c4 $11 9. Qb5 Ne4) 9. Bxf6 ({White should try} 9. Ne5 $14 Bxg2 10. Qxf7+ {[%mdl 64] Double Attack} Kd8 11. Rg1 (11. Qxg7 $2 Rg8 $19)) 9... Bxf6 $15 10. Nbd2 d5 11. O-O O-O 12. Rfe1 Nd7 13. Qc2 c4 14. Rac1 Nc5 15. b4 cxb3 16. axb3 (16. Nxb3 $11 Rb8 17. c4) 16... a5 $17 17. Nd4 Qd7 18. e4 (18. b4 $15 axb4 19. cxb4) 18... e5 19. Ne2 Ba6 (19... Bg5 $17 20. Red1 a4) 20. exd5 $11 Nd3 21. Ne4 Bg7 {Strongly threatening ...Rfc8.} 22. c4 Nxe1 23. Rxe1 f5 (23... Qb7 $11) 24. Nc5 $16 Qd6 25. Nxa6 Qxa6 26. Nc3 (26. c5 $16) 26... Rac8 (26... e4 $11) 27. Qa2 (27. Na4 $1 $16) 27... e4 $11 28. Nb5 Qb6 29. Qa3 (29. Rd1 $15) 29... Rc5 (29... f4 $17 {White must now prevent ...fxg3.} 30. Qa2 e3) 30. Bf1 (30. Qa2 $15) 30... f4 $1 $36 {[%mdl 2048] Black is on the roll.} 31. Re2 {[#]} (31. g4 $17 e3 32. Kh1) 31... e3 $1 $19 {[%mdl 512]} 32. gxf4 {[#]} (32. fxe3 f3) 32... exf2+ $1 33. Kg2 {And now Re6 would win.} Rxf4 34. Re6 $2 {[#]} (34. Re8+ $19 Bf8 35. Qb2) 34... Qd8 (34... Qxe6 $142 $1 {[%mdl 512]} 35. dxe6 Rg5+ 36. Kh3 Rf3+ 37. Kh4 Bf6 38. Qf8+ {[%mdl 64] Decoy} Kxf8 39. e7+ Bxe7 40. h3 Rgg3#) 35. Re3 Rxb5 36. cxb5 Qxd5+ {Black mates.} 37. Kh3 Rf3+ {[%mdl 64] Double Attack} 38. Kg4 Qh5# {Accuracy: White = 49%, Black = 68%.} 0-1

[Event "IV Copa Marcel Duchamp 2020"]
[Site "Montevideo"]
[Date "2020.02.09"]
[Round "2.19"]
[White "Michailov, Matias"]
[Black "Dotta, Gian Franco"]
[Result "1/2-1/2"]
[WhiteElo "2262"]
[BlackElo "2000"]
[Annotator "TA"]
[PlyCount "75"]
[EventDate "2020.02.08"]
[EventType "swiss"]
[EventCountry "URU"]
[SourceTitle "playchess.com"]
[Source "ChessBase"]
[SourceQuality "1"]

{[%evp 15,75,16,38,0,0,-18,-8,-17,-10,-11,0,8,0,-14,-20,-14,0,-25,0,0,4,-16,-18,-22,-18,-21,-13,-22,-17,-22,-20,-27,-14,-56,-58,-58,-27,-23,-2,-2,0,-29,-8,-8,-8,-8,-8,-8,-8,-11,-12,-29,-29,-29,-29,-65,-65,-65,0,0,0,0]} 1. e4 c5 2. Nf3 d6 3. d4 cxd4 4. Nxd4 Nf6 5. Nc3 a6 6. Be2 e5 7. Nb3 Be6 8. O-O {8.Be3 is more advanced technology.} Nbd7 9. f3 {B92: Sicilian Najdorf: 6 Be2.} Be7 10. Nd5 Bxd5 11. exd5 b5 12. a4 Qb6+ 13. Kh1 {Hoping for axb5.} O-O {[#]} 14. axb5 $146 ({Predecessor:} 14. Qd3 b4 15. Rd1 Rfc8 16. Bg5 Qc7 17. Bxf6 Bxf6 18. Rac1 Bg5 19. Nd2 Nc5 20. Qf5 Bxd2 21. Rxd2 {0-1 (36) Ehlers,M (1958)-Zuferi,E (1853) Oberhof 2010}) 14... axb5 15. Rxa8 Rxa8 16. Qd3 Nc5 17. Nxc5 Qxc5 18. Qxb5 Qxc2 19. Bd3 Qc7 20. Bg5 Rc8 21. b4 Nxd5 {[#] And now ...Nc3 would win.} 22. Qxd5 Bxg5 23. g3 Qc6 24. Be4 Qxd5 25. Bxd5 $15 {[%mdl 4096] Endgame KRB-KRB} Rc1 26. Kg2 Rxf1 27. Kxf1 $11 {KB-KB} Be3 28. h4 Kf8 29. Ke2 Bg1 30. h5 Ke7 31. g4 g6 32. hxg6 fxg6 33. g5 Bh2 34. b5 Bf4 35. b6 {[#] b7 would kill now.} Kd7 36. Bg8 h6 (36... Kc6 $15) 37. gxh6 Bxh6 38. Bd5 {Accuracy: White = 84%, Black = 86%.} 1/2-1/2

[Event "IV Copa Marcel Duchamp 2020"]
[Site "Montevideo"]
[Date "2020.02.09"]
[Round "2.20"]
[White "Durante, Aurelio"]
[Black "Amura, Claudia"]
[Result "1/2-1/2"]
[WhiteElo "1955"]
[BlackElo "2245"]
[Annotator "TA"]
[PlyCount "78"]
[EventDate "2020.02.08"]
[EventType "swiss"]
[EventCountry "URU"]
[SourceTitle "playchess.com"]
[Source "ChessBase"]
[SourceQuality "1"]

{[%evp 10,78,29,35,33,-4,0,0,0,0,0,0,0,0,0,-37,-27,-49,-24,-32,-29,-25,-26,-30,-23,-13,-29,-4,-8,-13,-8,-24,-18,-18,-11,-18,-18,-18,0,0,0,4,108,108,105,112,108,80,150,88,92,81,89,71,88,83,76,66,131,108,107,54,122,107,101,0,0,0,0,0,7]} 1. e4 c5 2. Nf3 Nc6 3. c3 d5 4. exd5 Qxd5 5. d4 Bf5 6. Be3 Nf6 {B22: Sicilian: 2 c3.} 7. h3 e6 8. Na3 cxd4 9. Nb5 $1 {[%cal Rb5c7] Nc7+ is the strong threat.} O-O-O {[#]} 10. Nbxd4 $146 ({Predecessor:} 10. Nfxd4 Nxd4 11. Qxd4 Qxd4 12. Nxd4 Be4 13. f3 Bg6 14. Bg5 Bc5 15. Nb3 Bb6 16. c4 {0-1 (58) Ramirez,M (1994)-Madl,I (2347) Tromsoe 2014}) 10... Bc5 11. Qa4 Nxd4 $1 12. Nxd4 (12. cxd4 $5 {[%cal Ra1c1]} Bb6 13. Bc4 Qa5+ 14. Qxa5 Bxa5+ 15. Ke2 $11) 12... Bg6 13. Rd1 e5 (13... Bb6 {is more complex.} 14. Qc4+ Kb8 15. Qxd5 Nxd5 16. Bc1 e5) 14. Nf5 Qxd1+ 15. Qxd1 Rxd1+ 16. Kxd1 Bxe3 17. Nxe3 Ne4 18. Ke1 Nc5 19. h4 h5 20. Bc4 Nd3+ 21. Bxd3 $1 Bxd3 $11 {[%mdl 4096] Endgame KRB-KRN} 22. f3 Rd8 23. Kf2 g6 24. Rd1 e4 25. g4 Rf8 (25... exf3 $11 {keeps the balance.} 26. gxh5 gxh5) 26. gxh5 $16 gxh5 27. Nd5 f5 28. Nf4 Bc4 (28... Bc2 $142 29. Rc1 Ba4) 29. fxe4 (29. b3 $142 Bf7 30. Rd6) 29... fxe4 30. Ke3 $1 {[%csl LRe4,LRh5]} Rg8 31. b3 Bf7 32. Kxe4 Rg4 33. Rh1 Bd5+ (33... b5 $14) 34. Kxd5 Rxf4 {KR-KR} 35. Rh2 (35. Re1 $16) 35... Kd7 {[#]} ({Black should play} 35... Kc7 $14) 36. Ke5 $1 {[%cal Re5f4]} Rg4 {[#]} 37. c4 (37. Rd2+ $1 $16 Kc7 38. Rd4) 37... Kc6 $11 {The position is equal.} 38. Kf5 Kc5 39. Ke5 a6 {Accuracy: White = 79%, Black = 78%.} 1/2-1/2

[Event "IV Copa Marcel Duchamp 2020"]
[Site "Montevideo"]
[Date "2020.02.09"]
[Round "2.21"]
[White "Larrea, Manuel"]
[Black "Siddeley, Hugh"]
[Result "1/2-1/2"]
[WhiteElo "2243"]
[BlackElo "1974"]
[Annotator "TA"]
[PlyCount "63"]
[EventDate "2020.02.08"]
[EventType "swiss"]
[EventCountry "URU"]
[SourceTitle "playchess.com"]
[Source "ChessBase"]
[SourceQuality "1"]

{[%evp 16,63,54,-10,0,0,0,0,0,0,0,0,0,0,10,0,17,0,75,67,137,104,170,167,200,204,197,200,175,175,166,97,120,0,0,0,0,0,0,0,0,0,0,0,0,0,0,0,0,0]} 1. e4 d6 2. d4 Nf6 3. Nc3 g6 4. f4 Bg7 5. Nf3 O-O 6. Bd3 Na6 {[%cal Bb8a6,Ba6b4,Bb4d3][%mdl 32]} 7. O-O c5 8. d5 Bg4 9. Qe1 (9. Be2 $14) 9... Bxf3 {B09: Pirc Defence: Austrian Attack.} 10. Rxf3 Nb4 11. a3 Nxd3 12. cxd3 e6 13. f5 exf5 14. exf5 Ng4 {[#]} 15. Qg3 $146 ({Predecessor:} 15. fxg6 hxg6 16. Ne4 Re8 17. Qg3 f5 18. Bg5 Qd7 19. Nc3 Be5 20. Bf4 Qg7 21. Raf1 {0-1 (28) Cornelisse,J (2118)-Nijboer,F (2586) Bussum 2004}) 15... Ne5 16. Rf1 Kh8 (16... c4 $11) 17. Ne4 $16 {[#] Threatens to win with f6.} gxf5 (17... f6 $14) 18. Rxf5 f6 (18... Qb6 $16 {was worth a try.}) 19. Bd2 $18 Qe7 20. Bc3 Qf7 21. Bxe5 ({Stronger than} 21. Nxd6 Qd7 $11) 21... dxe5 22. d6 Qd5 23. Raf1 (23. Rh5 $18) 23... c4 24. Qh4 ({Better is} 24. Rd1 $16) 24... cxd3 $11 {The position is equal.} 25. Rh5 d2 26. Rxh7+ Kg8 27. Rxg7+ Kxg7 28. Qg4+ Kh8 29. Qh4+ Kg7 30. Qg4+ Kh8 31. Qh4+ Kg7 32. Qg4+ {Accuracy: White = 87%, Black = 73%.} 1/2-1/2

[Event "IV Copa Marcel Duchamp 2020"]
[Site "Montevideo"]
[Date "2020.02.09"]
[Round "2.22"]
[White "Pinero, Ismael"]
[Black "Carbone, Diego"]
[Result "1/2-1/2"]
[WhiteElo "1914"]
[BlackElo "2239"]
[Annotator "TA"]
[PlyCount "39"]
[EventDate "2020.02.08"]
[EventType "swiss"]
[EventCountry "URU"]
[SourceTitle "playchess.com"]
[Source "ChessBase"]
[SourceQuality "1"]

{[%evp 15,39,18,33,-14,-18,-112,-110,-123,-28,-36,-18,-13,-21,-28,0,0,229,237,659,666,452,425,411,405,799,760]} 1. e4 c5 2. Nf3 Nc6 3. d4 cxd4 4. Nxd4 e6 5. Nc3 Qc7 6. Be3 a6 7. Bd3 Nf6 8. O-O b5 9. Re1 {B48: Sicilian: Taimanov: 5 Nc3 Qc7 6 Be3 a6 without Be2.} Bb7 10. Nd5 (10. Qd2 $11) 10... exd5 $17 11. exd5 {[#]Black is better.} Ne7 $146 ({Better is} 11... Ne5 $1 $17 12. f4 Nxd3 {[%mdl 64] Discovered Attack} 13. cxd3 Nxd5) ({Predecessor:} 11... Ne5 12. Bf4 d6 13. c4 bxc4 14. Qa4+ Qd7 15. Qxc4 Bxd5 16. Qb4 Be6 17. Bxe5 dxe5 {0-1 (35) Reis,N (1919)-Smit,J (2094) Bad Homburg 2009}) 12. c4 $11 bxc4 13. Rc1 $1 Bxd5 {...Qb7 is the strong threat.} 14. Bxc4 Qb7 15. Bxd5 $1 Nfxd5 $2 (15... Nexd5 $11 16. Bg5+ Kd8) 16. Bg5 $18 {Threatens to win with Nf5.} Rd8 $2 {[#]} (16... g6) 17. Nf5 $1 {[%cal Rf5d6]} d6 18. Bxe7 Bxe7 19. Qf3 Qa8 (19... Kf8 $142 20. Nxe7 Qxe7 21. Rxe7 Nxe7) 20. Nxg7+ {[%mdl 32768] Accuracy: White = 72%, Black = 28%. . An unexpected result.} 1/2-1/2